Statistics for Times Tables - 10x

Click here to take the quiz!

General Stats

  • This quiz has been taken 95 times
  • The average score is 12 of 12

Answer Stats

EquationAnswer% Correct
1x1010
100%
2x1020
99%
3x1030
99%
4x1040
99%
5x1050
99%
6x1060
99%
7x1070
99%
10x10100
98%
11x10110
96%
12x10120
96%
8x108080
95%
9x9090
95%

Score Distribution

Percentile by Number Answered

Percent of People with Each Score

Your Score History

You have not taken this quiz